Cálculo pictórico

Saved in:
Bibliografiske detaljer
Hovedforfatter: Méndez Labbé, Francisco Raúl (autor)
Format: Bog
Sprog:spansk
Udgivet: Santiago Quebecor World Chile 1991
Udgivelse:1a. ed
Fag:
Tags: Tilføj Tag
Ingen Tags, Vær først til at tagge denne postø!

MARC

LEADER 00000cam a2200000 a 4500
001 UCD3412
003 CL-VaPUC
008 160603e19910900cl |||||||||||||||||spa|d
082 0 4 |a 750.1  |b MEN  |2 21 
100 |a Méndez Labbé, Francisco Raúl  |e autor  |9 586868 
245 1 0 |a Cálculo pictórico 
250 |a 1a. ed 
300 |a 119 p 
942 |c BK 
945 |d 20160603 11:43:00  |a arojas 
260 |a Santiago  |b Quebecor World Chile  |c 1991 
650 0 |a Pintura  |9 265046 
650 0 |a Teoría del arte  |9 387638 
650 0 |a Obras de arte  |9 337253 
650 0 |a Estética   |9 264950 
583 |a last modification  |c 20160603 11:43:00  |k Rodrigo Vera 
999 |c 364448  |d 364446 
952 |0 0  |1 0  |3 erb  |4 0  |6 750_100000000000000_MEN_1991  |7 0  |8 A  |9 477638  |a BIBARQ  |b BIBARQ  |i 5290015  |o 750.1 MEN 1991  |p 5290015  |r 2025-01-20  |w 2019-11-24  |y BK  |z Catalogado en:20160603  |k ARQ 
952 |0 0  |1 0  |3 erb  |4 0  |6 750_100000000000000_MEN_1991  |7 0  |8 A  |9 477639  |a BIBARQ  |b BIBARQ  |i 5290023  |l 1  |o 750.1 MEN 1991  |p 5290023  |r 2024-01-16  |s 2023-11-09  |w 2019-11-24  |y BK  |z Catalogado en:20160603  |k ARQ